000 00334 a2200109 4500
001 ART_9635
005 20260410161837.0
008 260409a
245 1 0 _aCómo ofertar productos de exportación
100 1 _aFratalocchi, Aldo
773 0 _tContabilidad y administración
_g- Año 6, Nº 56 (feb. 1982)
_wREV5485
999 _c23755
_d23755